Los sueños de los poetas

Uloženo v:
Podrobná bibliografie
Hlavní autor: Stekel, Wilhelm (Autor)
Médium: Kniha
Jazyk:španělština
Vydáno: Buenos Aires Ediciones Citerea 1965
Vydání:1a. ed
Témata:
Tagy: Přidat tag
Žádné tagy, Buďte první, kdo vytvoří štítek k tomuto záznamu!

MARC

LEADER 00000cam a2200000 a 4500
001 UCE2565
003 CL-VaPUC
008 140710e19650000ag |||||||||||||||||spa|d
082 0 4 |a 154.63  |b STE  |2 21 
100 0 |a Stekel, Wilhelm  |e author  |9 337101 
245 1 4 |a Los sueños de los poetas 
250 |a 1a. ed 
300 |a 349 p 
942 |c BK 
945 |d 20140710 11:54:00  |a dcastane 
260 |a Buenos Aires  |b Ediciones Citerea  |c 1965 
650 0 |a Psicopatología   |9 307473 
650 0 |a Literatura  |9 259151 
650 0 |a Trastornos mentales  |9 307475 
583 |a last modification  |c 20140710 11:54:00  |k Rodrigo Vera 
999 |c 356155  |d 356153 
952 |0 0  |1 0  |3 erb  |4 0  |6 154_630000000000000_STE_1965  |7 0  |8 P  |9 463319  |a BIBEDU  |b BIBEDU  |c BIBEDU_PB  |i 5009979  |o 154.63 STE 1965  |p 5009979  |r 2024-01-25  |w 2019-11-23  |y BK  |z Catalogado en:20140710  |k LIT